Ler AIthusser, leitor de marx (Registo nº 6579)
[ vista simples ]
| 000 -Etiqueta do registo | |
|---|---|
| Valores | 00507nam a22001691i 4500 |
| 010 ## - Número ISBN | |
| ISBN | 9789722104449 |
| 090 ## - | |
| -- | 6579 |
| 100 ## - Dados gerais de processamento | |
| Dados gerais | 20170304u u u0frey50 ba |
| 101 0# - Língua de publicação | |
| -- | por |
| 200 1# - Titulo e menção de responsabilidade | |
| Primeira menção de responsabilidade | Gisela da Conceição |
| Título próprio | Ler AIthusser, leitor de marx |
| Informação de outro título | a tese do anti - humanismo teórico à luz do paradigma hermenêutico |
| 210 ## - Publicação | |
| Nome do editor | Caminho |
| Local de publicação | Lisboa |
| Data de publicação | imp. 1989 |
| 215 ## - Descrição física | |
| Paginação / Volumes | 153, [3] p. |
| Dimensões | 21 cm |
| 225 2# - Colecção | |
| Título próprio da colecção | Universitária |
| 700 #1 - Autor principal (pessoa individual) | |
| Apelido | Conceição |
| Nome | Gisela da |
| -- | 070 |
| 801 ## - Fonte de origem | |
| País | PT |
| Regras de catalogação | RPC |
| 990 ## - Elementos KOHA | |
| Tipo de documento | Livro |
| Situação do levantamento | Estado | Biblioteca de origem | Biblioteca de empréstimo | Código de barras | Cota | Permissão de empréstimo | Tipo de documento | Localização na Estante | Nota relativa ao exemplar |
|---|---|---|---|---|---|---|---|---|---|
| Completo | Biblioteca Municipal de Viana Do Alentejo | Biblioteca Municipal de Viana Do Alentejo | 0002141AL | Disponível | Livro | Depósito | cx. 424 | ||
| Completo | Biblioteca Municipal de Viana Do Alentejo | Biblioteca Municipal de Viana Do Alentejo Pólo Aguiar | 0009448 | 14 CON | Disponível | Livro |